000 00658cam a22002171 4500
001 agr47000111
003 DLC
005 20260227111006.0
008 830331s1947 dcua 000 0 eng
010 _aagr47000111
035 _a(OCoLC)16762760
040 _aDLC
_cOrPS
_dDLC
042 _apremarc
050 0 0 _aS21
_b.A72 no. 929
100 1 _aStamm, Alfred J.
_q(Alfred Joaquim),
_d1897-
245 1 0 _aPassage of liquids, vapors and dissolved materials through softwoods,
260 _aWashington, D.C.,
_bUnited States Dept. of agriculture
_c[1947]
300 _a80 p.
_billus. (incl. diagrs.)
_c24 cm.
650 0 _aWood.
650 0 _aPermeability.
999 _c10606
_d10606